Fairy Tail - Membres de la guilde Saber Tooth - Statistiques

Statistiques générales
  • Ce quiz a été pris 48 fois
  • Le résultat moyen est 8 sur 12
Statistiques - réponses
Par images Réponse % Correct
Rogue
95%
Sting
95%
Yukino
86%
Frosh
83%
Minerva
83%
Rufus
69%
Lecter
64%
Orga
60%
Sorano
60%
Jienma
36%
Dobengal
24%
Fingers
24%
Aucun quiz correspondant
Distribution des résultats
% des personnes avec chaque résultat
Percentile par nombre de réponses
Votre historique - résultats
Vous n’avez pas pris ce quiz